01057nam a2200229 a 450000100100000000500170001000800410002704000250006808200220009324502040011526000730031930000170039250000730040950000320048250500490051465000360056365100480059970000300064770000350067771000610071271000540077300001594220240226184457.0100222s1998 dr 000 0 spa d aDO-SdBNPbspacBNPHU a306.097293bH117p00aHacía un programa de desarrollo cultural para la República Dominicana :binformes sobre el diagnótico participativo del sector cultural /ceditores Luis O. Brea Franco, Ramón A. Victoriano M. aSanto Domingo :bConsejo Presidencial para la Cutura :bPNUD,c1998. av. ;c22 cm. aIncluye referencias bibliográficas y notas al pie de las páginas aLa biblioteca posee el v. 10 av. 1 .tCompendio de legislación cultural. 4aCulturazRepública Dominicana 4aRepública DominicanaxPolítica Cultural12aBrea Franco, Luis O.eed.12aVictoriano M., Ramón A.eed.1 aRepública Dominicana. Consejo Presidencial de Cultura.2 aPrograma de la Naciones Unidas para el Desarrollo